000 00804nam a2200229 a 4500
001 47761
003 BD-RjUL
005 20211209054404.0
008 160810s2003 ii ||||| |||| 00| 0 ben d
020 _a8187360542
_c: Tk. 45.00
035 _a(BD-RjUL)47880
040 _aBD-RjUL
_bben
_cBD-RjUL
041 _aben
082 _223
_a781.62
_bCHT 2003
100 1 _aচক্রবর্তী, নিশীথ
_9144998
245 1 0 _aতরজা গান /
260 _aকলিকাতা :
_bলোকসংস্কৃতি ও আদিবাসী সংস্কৃতি কেন্দ্র,
_c২০০৩
300 _a১০৩ পৃ. :
_bচিত্র ;
_c১২ সেমি.
650 _aলোক সংগীত
_9124945
650 _aFolk music
_9145047
942 _2ddc
_cBK
999 _c47761
_d47761